000 00537nam a22001937a 4500
005 20130827150419.0
010 _aENG-108080
020 _c345.00
_a9798173291998
035 _aEN-91613
037 _bDBAD/PUB
082 _a230
100 _aModi, S.
245 _aThe voyage to self realization /
_cby S. Modi
260 _aDelhi
_bShilalekh
_c2011
270 _a4/32, Subhash Gali, Vishwas Nagar, Shahdara
_bDelhi
_e110032
300 _a190p.
_c22cm(Hb)
500 _aIncludes index
942 _2ddc
_cEN
_mMOD
_h230
999 _c77680
_d77680